[Event "Mechanics' Winter TNM; 30/90, SD/30"]
[Site "San Francisco"]
[Date "2015.02.03"]
[Round "5.24"]
[White "Casares Jr., Nick"]
[Black "Flores, David"]
[Result "1/2-1/2"]
[WhiteElo "1600"]
[BlackElo "1818"]
[PlyCount "89"]
[EventDate "2015.??.??"]

1. e4 e5 2. Nf3 Nc6 3. d4 exd4 4. Bc4 Be7 5. c3 d6 6. cxd4 Nf6 7. Nc3 O-O 8.
Bb3 Bg4 9. Be3 a5 10. a3 b5 11. Bd5 Nxd5 12. exd5 Na7 13. O-O Qd7 14. h3 Bh5
15. Ne4 Nc8 16. Ng3 Bg6 17. h4 h6 18. h5 Bh7 19. Rc1 f5 20. Ne2 Nb6 21. Nf4
Rac8 22. Nd2 Bg5 23. Ne6 f4 24. Nxf8 Rxf8 25. Nf3 fxe3 26. Nxg5 hxg5 27. fxe3
Rf6 28. Rxf6 gxf6 29. Qb3 a4 30. Qb4 Be4 31. Qa5 Qg4 32. Qd2 Nc4 33. Qf2 Bxd5
34. Rc2 f5 35. Qe1 c6 36. Rf2 Be4 37. Qc3 Qxh5 38. d5 Qd1+ 39. Kh2 cxd5 40. Qf6
Qh5+ 41. Kg1 Nxe3 42. Qd8+ Kh7 43. Qe7+ Kg8 44. Qd8+ Kf7 45. Qd7+ 1/2-1/2

[Event "Mechanics' Winter TNM; 30/90, SD/30"]
[Site "San Francisco"]
[Date "2015.02.17"]
[Round "7.25"]
[White "Casares Jr., Nick"]
[Black "Palmeri, Ralph"]
[Result "1/2-1/2"]
[WhiteElo "1600"]
[BlackElo "1708"]
[PlyCount "94"]
[EventDate "2015.??.??"]

1. e4 c5 2. Nf3 Nc6 3. c4 e6 4. Nc3 d6 5. d4 a6 6. dxc5 dxc5 7. Qxd8+ Nxd8 8.
e5 b6 9. g3 Bb7 10. Bg2 Rb8 11. O-O Ne7 12. Bg5 h6 13. Bf4 Nf5 14. Rad1 Be7 15.
Rfe1 O-O 16. Ne4 Nc6 17. Nd6 Ncd4 18. Nxb7 Nxf3+ 19. Bxf3 Nd4 20. Bg2 Kh7 21.
Nd6 Rbd8 22. Be4+ g6 23. Kg2 Rd7 24. h4 Kg7 25. Bb1 f6 26. exf6+ Rxf6 27. Be5
Bxd6 28. Rxd4 cxd4 29. Bxf6+ Kxf6 30. Kf3 Bc5 31. Ke4 e5 32. Bd3 Rd6 33. Kf3
Rd8 34. Be4 d3 35. Rd1 d2 36. Bd5 b5 37. b3 Bb4 38. Ke4 bxc4 39. bxc4 a5 40. a3
Bxa3 41. Rxd2 Bb4 42. Ra2 Rc8 43. f3 Rc7 44. g4 Bc3 45. Ra3 Bb4 46. Ra2 Bc3 47.
Ra3 Bb4 1/2-1/2

[Event "Mechanics' Winter TNM; 30/90, SD/30"]
[Site "San Francisco"]
[Date "2015.01.20"]
[Round "3.38"]
[White "Casares Jr., Nick"]
[Black "Ren, Ling Feng"]
[Result "1-0"]
[WhiteElo "1600"]
[BlackElo "823"]
[PlyCount "61"]
[EventDate "2015.??.??"]

1. e4 e5 2. Nf3 Nc6 3. Bc4 Bc5 4. b4 Bxb4 5. c3 Bc5 6. d4 exd4 7. cxd4 Bb4+ 8.
Nbd2 Qe7 9. O-O d6 10. h3 Nf6 11. e5 dxe5 12. dxe5 Nd7 13. e6 fxe6 14. Ne4 Nb6
15. Bg5 Qd7 16. Qe2 h6 17. Rad1 Qf7 18. Bh4 g5 19. Bg3 Qf5 20. Bxc7 Bd7 21. Bd6
O-O-O 22. Bxb4 Nxb4 23. Nd6+ Kb8 24. Nxf5 exf5 25. Bb5 Bxb5 26. Qxb5 Nc6 27.
Ne5 Nxe5 28. Qxe5+ Ka8 29. Rfe1 Rxd1 30. Qxh8+ Nc8 31. Qxc8# 1-0

[Event "Mechanics' Spring TNM; G/2"]
[Site "?"]
[Date "2015.05.05"]
[Round "?"]
[White "Chalissery, Jossy"]
[Black "Agdamag, Samuel"]
[Result "1-0"]
[WhiteElo "1706"]
[BlackElo "1459"]
[PlyCount "85"]
[EventDate "2015.??.??"]

1. b3 d5 2. Bb2 Nf6 3. e3 Nc6 4. Nf3 a6 5. c4 Bg4 6. Be2 e6 7. O-O Bd6 8. cxd5
exd5 9. Na3 O-O 10. Nc2 Re8 11. Rc1 Qd7 12. Bxf6 gxf6 13. Nfd4 Bxe2 14. Qxe2
Ne5 15. h3 Kh8 16. f4 Ng6 17. Qh5 Rg8 18. Nf5 Bf8 19. Ncd4 c5 20. Nf3 Rc8 21.
Nh6 Bxh6 22. Qxh6 Qf5 23. g4 Qd3 24. f5 Nf8 25. Qxf6+ Rg7 26. Rc3 Qe4 27. Ng5
Qe8 28. Nf3 Rc6 29. Qh4 Qe4 30. Ne1 h6 31. Nd3 d4 32. Rf4 Qd5 33. exd4 cxd4 34.
Rxc6 Qxc6 35. Qd8 Rg8 36. Qxd4+ f6 37. Qc3 Qd6 38. Kf2 Nd7 39. Qd4 Qc7 40. Nb4
Qc8 41. Nd5 Qc6 42. Re4 Rf8 43. Re6 1-0

[Event "Mechanics' Leighton Allen TNM; G/2"]
[Site "San Francisco"]
[Date "2015.08.25"]
[Round "4.30"]
[White "Chalissery, Jossy"]
[Black "Ayinala, Shree"]
[Result "0-1"]
[WhiteElo "1586"]
[BlackElo "1322"]
[PlyCount "66"]
[EventDate "2015.??.??"]

1. d4 Nf6 2. c4 g6 3. Nc3 Bg7 4. Nf3 O-O 5. g3 a6 6. Bg2 d6 7. O-O Nbd7 8. e4
e5 9. d5 Nc5 10. Qc2 a5 11. Be3 b6 12. a3 a4 13. Bxc5 bxc5 14. Nxa4 Nxe4 15.
Nxe5 Bxe5 16. Bxe4 f5 17. Bd3 f4 18. Bxg6 hxg6 19. Qxg6+ Bg7 20. Nc3 Bf5 21.
Qh5 Bd3 22. Rfe1 fxg3 23. hxg3 Qf6 24. Qh2 Bxc4 25. Re6 Qf3 26. Re3 Qf7 27. Qg2
Bd4 28. Rae1 Bxe3 29. Rxe3 Rae8 30. Re4 Rxe4 31. Nxe4 Bxd5 32. Nf6+ Qxf6 33.
Qxd5+ Kg7 {Black won in a few more moves.} 0-1

[Event "Mechanics' Winter TNM; 30/90, SD/30"]
[Site "San Francisco"]
[Date "2015.02.10"]
[Round "6.30"]
[White "Chalissery, Jossy"]
[Black "Casares Jr., Nick"]
[Result "1/2-1/2"]
[WhiteElo "1706"]
[BlackElo "1600"]
[Annotator "Donaldson"]
[PlyCount "79"]
[EventDate "2015.??.??"]

1. d4 d5 2. c4 dxc4 3. Nf3 Bf5 4. Nc3 Nf6 5. Bg5 Nbd7 6. e3 c6 7. Bxc4 Ne4 8.
Nxe4 Bxe4 9. O-O h6 10. Bf4 e6 11. Nd2 Nf6 12. Nxe4 Nxe4 13. Qc2 Nf6 14. Rfd1
Bd6 15. Bxd6 Qxd6 16. e4 Qf4 17. e5 Nd5 18. Bxd5 exd5 19. Qb3 O-O 20. Rac1 Rfe8
21. Rc3 Qg4 22. Rg3 Qd7 23. Qe3 Re6 24. f4 f5 25. Qd3 Qf7 26. Qf3 Rae8 27. Rd3
Rg6 28. Rb3 Ree6 29. Rxg6 Rxg6 30. g3 Kf8 31. Qc3 Kg8 32. Qa5 b6 33. Qa6 Re6
34. Qc8+ Kh7 35. Rc3 Qg6 36. Qb7 Qg4 37. Kf2 Qd1 38. Ke3 Qe1+ 39. Kd3 {
Diagram #} Qd1+ (39... Qe4+ $1) 40. Ke3 1/2-1/2

[Event "Mechanics' Summer TNM; G/2"]
[Site "San Francisco"]
[Date "2015.06.02"]
[Round "2.28"]
[White "Chalissery, Jossy"]
[Black "Kondakov, Adrian"]
[Result "0-1"]
[WhiteElo "1685"]
[BlackElo "1501"]
[Annotator "Donaldson"]
[PlyCount "82"]
[EventDate "2015.??.??"]

1. d4 Nf6 2. c4 g6 3. Nc3 Bg7 4. Nf3 d6 5. g3 O-O 6. Bg2 c5 7. d5 Na6 8. e4 Nc7
9. O-O a6 10. a4 Rb8 11. Qe2 Bd7 12. a5 b5 13. axb6 Rxb6 14. Na4 Rb4 15. Nc3
Qb8 16. Ra2 e6 17. e5 Nfe8 18. Bf4 Qb6 19. exd6 Nxd6 20. Ne5 Bc8 21. Na4 Rxa4
22. Rxa4 exd5 23. cxd5 Re8 24. Nc4 Qb5 25. Qc2 Nxc4 26. Rxc4 Bf5 27. Qa4 Qxa4
28. Rxa4 Nb5 29. Rxa6 Bxb2 30. d6 Bd3 31. d7 Rd8 32. Ra8 Bf6 33. Rxd8+ Bxd8 34.
Rd1 (34. Ra1) 34... c4 35. Ra1 Kf8 36. Ra8 Ke7 37. Bc6 (37. Bg5+ f6 38. Bxf6+
Kxf6 39. Rxd8 Ke7 40. Rb8 $18) 37... Nd4 {Diagram [#]} 38. Bd5 (38. Rxd8 Nxc6
39. Rc8 Nd8 (39... Kxd7 40. Rc7+) 40. Bg5+ f6 41. Bxf6+ Kxf6 42. Rxd8 Ke7 43.
Ra8 Kxd7 44. f3 $18) 38... Ne2+ 39. Kh1 (39. Kg2) 39... Nxf4 40. gxf4 Kxd7 41.
Bxf7 $4 Be4+ 0-1

[Event "Mechanics' Leighton Allen TNM; G/2"]
[Site "San Francisco"]
[Date "2015.08.10"]
[Round "2.33"]
[White "Chalissery, Jossy"]
[Black "Nergui, Myagmar"]
[Result "1-0"]
[WhiteElo "1586"]
[BlackElo "1236"]
[PlyCount "73"]
[EventDate "2015.??.??"]

1. d4 d5 2. Nf3 Nf6 3. Bg5 h6 4. Bh4 Bf5 5. e3 e6 6. c4 Be7 7. Nc3 c6 8. cxd5
exd5 9. Be2 Nbd7 10. O-O O-O 11. Bg3 Ne4 12. Nxe4 Bxe4 13. a3 Rc8 14. b4 Qe8
15. Nd2 Bf6 16. Nxe4 Qxe4 17. Bd3 Qe7 18. Qf3 b6 19. Rac1 Bh4 20. Ba6 Rcd8 21.
Rxc6 Bxg3 22. Qxg3 Nb8 23. Rc7 Qd6 24. Qxd6 Rxd6 25. Bd3 a5 26. b5 Rd7 27. Rfc1
Rxc7 28. Rxc7 g6 29. Be2 Rd8 30. h4 h5 31. a4 Kg7 32. Bf3 Kf6 33. Rb7 Nd7 34.
Bxd5 Ke7 35. Bc6 Kd6 36. Bxd7 Rxd7 37. Rxb6+ 1-0

[Event "Mechanics' Fall TNM; G/2"]
[Site "San Francisco"]
[Date "2015.11.03"]
[Round "3.38"]
[White "Chalissery, Jossy"]
[Black "Otterbach, Renate"]
[Result "1-0"]
[WhiteElo "1586"]
[BlackElo "1101"]
[PlyCount "39"]
[EventDate "2015.??.??"]

1. b3 Nc6 2. Bb2 e5 3. e3 d5 4. Bb5 Bd6 5. c4 Bd7 6. cxd5 Nb4 7. Be2 Nxd5 8.
Nf3 Qe7 9. Nc3 Ngf6 10. Nxd5 Nxd5 11. e4 Nf4 12. O-O Nxe2+ 13. Qxe2 f6 14. Nh4
g6 15. Nf3 O-O-O 16. Rfc1 Kb8 17. d4 exd4 18. Bxd4 Ba3 19. Rc2 Qe8 $4 20. Bxf6
{and White went on to win.} 1-0

[Event "Mechanics' Spring TNM; G/2"]
[Site "San Francisco"]
[Date "2015.04.21"]
[Round "6.40"]
[White "Chalissery, Jossy"]
[Black "Poler, Sebastian"]
[Result "0-1"]
[WhiteElo "1706"]
[BlackElo "1507"]
[PlyCount "82"]
[EventDate "2015.??.??"]

1. d4 Nf6 2. c4 e6 3. Nc3 Bb4 4. Qc2 O-O 5. Nf3 d6 6. a3 Bxc3+ 7. bxc3 Nbd7 8.
e4 e5 9. Bd3 c5 10. d5 Kh8 11. O-O Nb6 12. h3 Bd7 13. a4 a5 14. Bg5 Qe8 15.
Bxf6 gxf6 16. Nh4 Bxa4 17. Qd2 Bb3 18. Qh6 Qd8 19. Rfb1 a4 20. Be2 Rg8 21. Bh5
Nxc4 22. Nf5 b6 23. Bxf7 Qf8 24. Qxf6+ Rg7 25. Qxg7+ Qxg7 26. Nxg7 Kxg7 27. Be6
Bc2 28. Re1 a3 29. f3 a2 30. Re2 Bb1 31. Bd7 Ra3 32. Bb5 Na5 33. Rb2 Rb3 34.
Rxb3 Nxb3 35. Rxa2 Bxa2 36. Bc4 h5 37. g4 hxg4 38. fxg4 b5 39. Bxb5 Nd2 40. Bd3
c4 41. Bc2 Bb3 0-1

[Event "Mechanics' Winter TNM; 30/90, SD/30"]
[Site "San Francisco"]
[Date "2015.01.20"]
[Round "3.11"]
[White "Chalissery, Jossy"]
[Black "Shaknazarov, Oleg"]
[Result "0-1"]
[WhiteElo "1706"]
[BlackElo "2140"]
[PlyCount "82"]
[EventDate "2015.??.??"]

1. d4 e6 2. Nf3 Be7 3. c4 d6 4. Nc3 g5 5. h3 h6 6. e4 Nd7 7. Be2 c6 8. b3 Bf6
9. Bb2 Ne7 10. Qc2 Ng6 11. g3 e5 12. Rd1 O-O 13. dxe5 dxe5 14. Ba3 Re8 15. Nh2
Qa5 16. Bd6 Nc5 17. O-O Bxh3 18. Rfe1 Ne6 19. b4 Qa6 20. Qb2 Nd4 21. c5 b5 22.
Bh5 Qc8 23. a4 a6 24. Ra1 Qe6 25. Ra3 Bg7 26. Rea1 Rac8 27. axb5 axb5 28. Ne2
g4 29. Nc3 Nf8 30. Nd1 Nh7 31. Ra7 Ng5 32. Ne3 Ndf3+ 33. Nxf3 gxf3 34. Kh2 Rcd8
35. R1a6 Rc8 36. Rb6 Bf8 37. Rbb7 Bxd6 38. cxd6 Rf8 39. Nf5 Bxf5 40. Re7 Qc4
41. exf5 Qf1 0-1

[Event "Mechanics' Spring TNM; G/2"]
[Site "San Francisco"]
[Date "2015.03.31"]
[Round "3.28"]
[White "Chalissery, Jossy"]
[Black "Simpkins, Jerry"]
[Result "0-1"]
[WhiteElo "1706"]
[BlackElo "1478"]
[PlyCount "42"]
[EventDate "2015.??.??"]

1. d4 e5 2. dxe5 Nc6 3. Nf3 Qe7 4. Bf4 Qb4+ 5. Bd2 Qxb2 6. Nc3 Nb4 7. Rc1 Nxa2
8. Nxa2 Qxa2 9. e4 d6 10. exd6 Bxd6 11. Be2 Ne7 12. O-O O-O 13. c4 Ng6 14. Bc3
Qa3 15. Qd4 f6 16. Qd5+ Kh8 17. Qd4 Nf4 18. Qd2 Be6 19. Ra1 $2 Qxc3 20. Rfc1
Qxd2 21. Nxd2 Nxe2+ 0-1

[Event "Mechanics' Fall TNM; G/2"]
[Site "San Francisco"]
[Date "2015.12.01"]
[Round "7.34"]
[White "Chalissery, Jossy"]
[Black "Tan, Jacky T"]
[Result "1-0"]
[WhiteElo "1586"]
[BlackElo "1112"]
[PlyCount "61"]
[EventDate "2015.??.??"]

1. b3 Nf6 2. Bb2 Nc6 3. e3 d5 4. Nf3 Bg4 5. Be2 Bxf3 6. Bxf3 e5 7. Be2 a6 8.
O-O Bd6 9. c4 d4 10. exd4 exd4 11. d3 O-O 12. Nd2 Re8 13. Re1 Qd7 14. Nf3 Bb4
15. Nd2 Rad8 16. a3 Bxd2 17. Qxd2 Qf5 18. h3 Na5 19. Qc2 c5 20. b4 cxb4 21.
axb4 Nc6 22. Qd2 Ne5 23. Ra5 b6 24. Rxa6 Nxc4 25. dxc4 d3 26. Bxf6 Qxf6 27. Bf3
Rxe1+ 28. Qxe1 d2 29. Qd1 Qe5 30. Qxd2 Rxd2 31. Ra8+ 1-0

[Event "Mechanics' Fall TNM; G/2"]
[Site "San Francisco"]
[Date "2015.10.20"]
[Round "1.13"]
[White "Chalissery, Jossy"]
[Black "Uzzaman, Ashik"]
[Result "0-1"]
[WhiteElo "1586"]
[BlackElo "2057"]
[PlyCount "60"]
[EventDate "2015.??.??"]

1. d4 Nf6 2. Nf3 e6 3. g3 c5 4. c3 Nc6 5. Bg2 d5 6. O-O Be7 7. Bf4 O-O 8. Nbd2
Nh5 9. Be3 cxd4 10. Nxd4 e5 11. Nxc6 bxc6 12. Nb3 a5 13. a4 Rb8 14. Qc2 f5 15.
Bc5 Bxc5 16. Nxc5 Qb6 17. b4 f4 18. Qa2 fxg3 19. hxg3 axb4 20. cxb4 Qxb4 21.
Rab1 Qxc5 22. Rxb8 Nxg3 23. e3 Nxf1 24. Bxf1 Qc1 25. Rb1 Qc5 26. a5 Bf5 27. Ra1
Rf6 28. a6 Rg6+ 29. Kh2 Qe7 30. Qa4 Qg5 0-1

[Event "Mechanics' Leighton Allen TNM; G/2"]
[Site "San Francisco"]
[Date "2015.09.22"]
[Round "8.5"]
[White "Challisssery, Jossy"]
[Black "Grey, Peter G"]
[Result "0-1"]
[WhiteElo "1586"]
[BlackElo "2000"]
[PlyCount "90"]
[EventDate "2015.??.??"]

1. b3 e5 2. Bb2 Nc6 3. e3 Nf6 4. Bb5 Bd6 5. Na3 a6 6. Bxc6 dxc6 7. Nc4 Qe7 8.
Nxd6+ cxd6 9. Ne2 O-O 10. O-O Re8 11. Ng3 d5 12. d3 Bd7 13. a4 b5 14. axb5 axb5
15. Qd2 b4 16. Rxa8 Rxa8 17. Ra1 Rxa1+ 18. Bxa1 c5 19. Bb2 h5 20. Ne2 d4 21. e4
Ng4 22. h3 Nh6 23. f4 f5 24. Bc1 fxe4 25. dxe4 Bc6 26. Qd3 exf4 27. Nxf4 Qxe4
28. Qxe4 Bxe4 29. Nd3 Bxd3 30. cxd3 Nf7 31. Bf4 Kf8 32. Kf2 Ke7 33. Kf3 Ke6 34.
Ke4 g6 35. h4 Nd8 36. Bc7 Nc6 37. g3 Ne7 38. Bf4 Nd5 39. Bb8 Nc3+ 40. Kf4 Ne2+
41. Ke4 Nc1 42. Ba7 Nxb3 43. Bb6 Kd6 44. Kf4 Nc1 45. Kg5 b3 0-1

[Event "Mechanics' Summer TNM; G/2"]
[Site "San Francisco"]
[Date "2015.05.26"]
[Round "1.10"]
[White "Chan, John"]
[Black "Basak, Aniruddha"]
[Result "0-1"]
[WhiteElo "1552"]
[BlackElo "2031"]
[PlyCount "108"]
[EventDate "2015.??.??"]

1. d4 Nf6 2. c4 g6 3. Nc3 Bg7 4. h3 O-O 5. Nf3 d6 6. e4 e5 7. d5 a5 8. a4 Na6
9. Be3 b6 10. Qd2 Nc5 11. Bxc5 bxc5 12. Bd3 Nh5 13. Ne2 f5 14. Rb1 fxe4 15.
Bxe4 Nf4 16. Nxf4 Rxf4 17. Qe2 Rxe4 18. Qxe4 Bf5 19. Qe3 Bxb1 20. O-O Bf5 21.
g4 Bd7 22. b3 Rb8 23. Kg2 c6 24. Nd2 cxd5 25. cxd5 Bf6 26. Ne4 Qe7 27. g5 Bg7
28. h4 Rb4 29. Qf3 Bf5 30. Re1 Rd4 31. Kf1 Kh8 32. Qg2 Qd7 33. Qf3 c4 34. bxc4
Rxc4 35. Ng3 Rxa4 36. Rc1 e4 37. Qe2 Bg4 38. Qc2 e3 39. Rb1 Bh3+ 40. Ke2 Qg4+
41. f3 Qc4+ 42. Qxc4 Rxc4 43. Kxe3 Be5 44. Ne4 Rb4 45. Rc1 Rb3+ 46. Ke2 Rb7 47.
Rc6 Bd7 48. Rc1 a4 49. Nf6 Bxf6 50. gxf6 Kg8 51. Ke3 Kf7 52. Kf4 Kxf6 53. Rc4
a3 54. Rc3 Ra7 0-1

[Event "Mechanics' Winter TNM; 30/90, SD/30"]
[Site "San Francisco"]
[Date "2015.01.20"]
[Round "3.42"]
[White "Chan, John"]
[Black "Bayaraa, Bilguun"]
[Result "1-0"]
[WhiteElo "1514"]
[BlackElo "644"]
[PlyCount "43"]
[EventDate "2015.??.??"]

1. d4 d5 2. Nc3 Nf6 3. h3 Bf5 4. Nf3 Nc6 5. a3 e6 6. g4 Be4 7. Bg2 Bg6 8. Bg5
Be7 9. O-O a5 10. e3 b5 11. Nxb5 a4 12. Qe2 O-O 13. Rac1 Rb8 14. Nd2 e5 15.
dxe5 Nxe5 16. f4 d4 17. fxe5 Nd7 18. Bxe7 Qxe7 19. exd4 c5 20. e6 Nf6 21. exf7+
Rxf7 22. Qxe7 1-0

[Event "Mechanics' Summer TNM; G/2"]
[Site "San Francisco"]
[Date "2015.06.09"]
[Round "3.18"]
[White "Chan, John"]
[Black "Gerwin, Gene"]
[Result "0-1"]
[WhiteElo "1552"]
[BlackElo "1904"]
[PlyCount "90"]
[EventDate "2015.??.??"]

1. d4 b6 2. c4 Bb7 3. Nc3 e6 4. a3 g6 5. Nf3 Bg7 6. e4 Ne7 7. Be3 d6 8. Qc2 Nd7
9. Be2 h6 10. O-O O-O 11. Qd2 Kh7 12. h3 f5 13. Qc2 Nf6 14. e5 Ne4 15. Rad1 a6
16. b4 Qe8 17. Nxe4 Bxe4 18. Qb3 Qf7 19. exd6 cxd6 20. Bf4 Rfd8 21. h4 Qf6 22.
g3 Ra7 23. Qa4 Bxf3 24. Bxf3 g5 25. hxg5 hxg5 26. Bc1 Rh8 27. Kg2 Bh6 28. Rh1
Kg7 29. Bh5 g4 30. Bxh6+ Rxh6 31. Be8 Rxh1 32. Kxh1 f4 33. gxf4 Kf8 34. Bh5
Qh4+ 35. Kg2 Qxh5 36. Rh1 Qg6 37. Rh8+ Ng8 38. Qc6 Kg7 39. Rh1 d5 40. cxd5 Qe4+
41. Kg1 Qxd5 42. Qxb6 Rf7 43. Qxa6 Rc7 44. Kh2 Qf3 45. Rf1 Kf6 0-1

[Event "Mechanics' Summer TNM; G/2"]
[Site "San Francisco"]
[Date "2015.06.16"]
[Round "4.32"]
[White "Chan, John"]
[Black "Henriques, Keith"]
[Result "1-0"]
[WhiteElo "1522"]
[BlackElo "144"]
[PlyCount "69"]
[EventDate "2015.??.??"]

1. d4 d5 2. Nf3 Nf6 3. h3 Bf5 4. Nc3 c6 5. g4 Be6 6. Bg2 Ne4 7. O-O Nxc3 8.
bxc3 g6 9. Bf4 h6 10. Rb1 b6 11. Qd3 a6 12. Bg3 b5 13. Be5 Rg8 14. Bg3 Qa5 15.
Ra1 h5 16. g5 Bf5 17. Qd2 Qa4 18. Ne1 e6 19. f3 Nd7 20. e4 dxe4 21. fxe4 Bxh3
22. Bxh3 c5 23. Bg2 f6 24. e5 fxe5 25. Bxa8 b4 26. Qg2 bxc3 27. Rd1 cxd4 28.
Bc6 Qxa2 29. Bxd7+ Kxd7 30. Bxe5 Qd5 31. Qxd5+ exd5 32. Bxd4 Bb4 33. Nd3 Ba3
34. Rb1 h4 35. Rb6 1-0

[Event "Mechanics' Summer TNM; G/2"]
[Site "San Francisco"]
[Date "2015.07.07"]
[Round "7.33"]
[White "Chan, John"]
[Black "Joyce, Ben"]
[Result "1-0"]
[WhiteElo "1552"]
[BlackElo "1388"]
[PlyCount "81"]
[EventDate "2015.??.??"]

1. d4 d5 2. h3 Nc6 3. Nf3 Nf6 4. Bf4 Bf5 5. a3 e6 6. e3 Bd6 7. Bg5 h6 8. Bxf6
Qxf6 9. Nc3 O-O 10. Qd2 Rac8 11. Be2 a6 12. b4 Rfe8 13. O-O e5 14. Nxd5 Qe6 15.
Nc3 exd4 16. exd4 Rcd8 17. Rfe1 Qf6 18. Kh1 Nxd4 19. Nd5 Qe6 20. Qxd4 c6 21.
Nf4 Bxf4 22. Qxf4 Qf6 23. c4 Rxe2 24. Red1 Rxd1+ 25. Rxd1 Rxf2 26. Qg3 Rc2 27.
c5 Rc3 28. Qb8+ Kh7 29. Rd8 Bxh3 30. Rh8+ Kg6 31. Qg3+ Kf5 32. Qxh3+ Ke4 33.
Re8+ Kd5 34. Re5+ Kc4 35. Qg4+ Kb3 36. Nd2+ Ka2 37. Rf5 Qe7 38. Rf1 Qe5 39. Qd1
Rh3+ 40. gxh3 Qd5+ 41. Nf3 1-0

[Event "Mechanics' Fall TNM; G/2"]
[Site "San Francisco"]
[Date "2015.12.08"]
[Round "8.32"]
[White "Chan, John"]
[Black "Macintyre, Brendan"]
[Result "1-0"]
[WhiteElo "1577"]
[BlackElo "1575"]
[PlyCount "107"]
[EventDate "2015.??.??"]

1. d4 d5 2. Nf3 Nf6 3. h3 e6 4. a3 c5 5. Bg5 Nbd7 6. e3 Be7 7. Nc3 O-O 8. Be2
Ne8 9. Bf4 Qb6 10. Rb1 Ndf6 11. O-O Nd6 12. Na4 Qd8 13. Nxc5 Nde4 14. Nxe4 Nxe4
15. Bd3 f5 16. Bxe4 fxe4 17. Ne5 Bf6 18. Ng4 Bd7 19. Re1 Be8 20. Nh2 Bg6 21.
Rc1 Qb6 22. b4 Bxd4 23. c4 Bb2 24. c5 Qd8 25. Rb1 Bf6 26. Rb3 d4 27. Bd6 Rf7
28. exd4 Be7 29. Be5 Qd5 30. Rb2 Bf6 31. Ng4 Rd8 32. Bxf6 gxf6 33. Nh6+ Kg7 34.
Nxf7 Kxf7 35. Rd2 e5 36. Qc1 exd4 37. Red1 d3 38. Re1 f5 39. b5 Rc8 40. c6 bxc6
41. bxc6 Rxc6 42. Qb2 Rb6 43. Qc3 Rc6 44. Qb2 Rb6 45. Qa2 Rb3 46. Rc1 a5 47.
Rc7+ Ke6 48. Qa1 a4 49. Qc1 Kd6 50. Rc8 Rb7 51. g3 Qb5 52. Kh2 h5 53. Qc3 Rf7
54. Qd4+ 1-0

[Event "Mechanics' Summer TNM; G/2"]
[Site "San Francisco"]
[Date "2015.06.23"]
[Round "5.17"]
[White "Chan, John"]
[Black "Poling, Scott E"]
[Result "0-1"]
[WhiteElo "1552"]
[BlackElo "1915"]
[PlyCount "102"]
[EventDate "2015.??.??"]

1. d4 d5 2. Nf3 Nf6 3. Nc3 Bg4 4. Ne5 Bf5 5. g3 e6 6. Bg2 Bd6 7. f4 c5 8. e3
Nc6 9. Nxc6 bxc6 10. O-O O-O 11. b3 cxd4 12. exd4 c5 13. Nb5 Be7 14. Kh1 Qb6
15. a4 a6 16. dxc5 Bxc5 17. Nc3 Bd4 18. Bb2 Bxc3 19. Bxc3 Ne4 20. Bd4 Qb4 21.
g4 Bxg4 22. Bf3 Bxf3+ 23. Rxf3 Qd2 24. Qg1 f6 25. c3 Rac8 26. Rd1 Qc2 27. b4
Qxa4 28. Ra1 Qc6 29. Qg2 Rf7 30. Rg1 Qe8 31. Qa2 Qb5 32. Qg2 a5 33. bxa5 Qxa5
34. Qh3 Qc7 35. Qxe6 Qd7 36. Qxd7 Rxd7 37. h4 Kf7 38. f5 Rdc7 39. Rc1 Nd2 40.
Rf4 Nb3 41. Rd1 Nxd4 42. cxd4 Rc1 43. Rxc1 Rxc1+ 44. Kg2 Rc3 45. Kf2 g6 46.
fxg6+ hxg6 47. Ke2 Rh3 48. Kf2 Kg7 49. Kg2 Rd3 50. Kf2 f5 51. Kg2 Kh6 {
and Black won in a few more moves.} 0-1

[Event "Mechanics' Winter TNM; 30/90, SD/30"]
[Site "San Francisco"]
[Date "2015.02.17"]
[Round "7.31"]
[White "Chan, John"]
[Black "Rosenstein, Perry"]
[Result "0-1"]
[WhiteElo "1514"]
[BlackElo "1745"]
[PlyCount "56"]
[EventDate "2015.??.??"]

1. d4 f5 2. c4 Nf6 3. Nc3 g6 4. Nf3 Bg7 5. h3 O-O 6. Bf4 d6 7. e3 Qe8 8. Nb5
Na6 9. Bh2 Bd7 10. Nc3 c5 11. d5 Ne4 12. Rc1 Nb4 13. Bd3 Nxc3 14. Qd2 Ncxa2 15.
Rb1 Nxd3+ 16. Qxd3 Nb4 17. Qd2 b5 18. b3 a5 19. O-O a4 20. bxa4 bxa4 21. Nd4 a3
22. Nb3 a2 23. Rbc1 Ba4 24. Na1 Qf7 25. Bg3 Rfd8 26. Kh2 Qf6 27. e4 fxe4 28.
Qe3 Nd3 0-1

[Event "Mechanics' Winter TNM; 30/90, SD/30"]
[Site "San Francisco"]
[Date "2015.01.06"]
[Round "1.20"]
[White "Chan, John"]
[Black "Uzzaman, Ashik"]
[Result "0-1"]
[WhiteElo "1514"]
[BlackElo "1938"]
[PlyCount "58"]
[EventDate "2015.??.??"]

1. d4 Nf6 2. c4 e6 3. a3 d5 4. Nc3 Be7 5. c5 a5 6. Nf3 O-O 7. h3 b6 8. cxb6
cxb6 9. Bf4 Ba6 10. Ne5 Nfd7 11. Nd3 Nc6 12. g3 Nxd4 13. Bg2 Nc5 14. O-O Nxe2+
15. Nxe2 Nxd3 16. Qd2 Nxf4 17. gxf4 Bd6 18. Rfd1 Bxe2 19. Qxe2 Bxf4 20. Qg4 Qf6
21. Rab1 Rac8 22. Qe2 Bd6 23. Rd3 Qf4 24. Rbd1 Rc4 25. b3 Rc5 26. Rf3 Qh2+ 27.
Kf1 Rfc8 28. Rd2 Rc1+ 29. Rd1 Bxa3 {and soon 0-1. Remaining moves unavailable.}
0-1

[Event "Mechanics' Winter TNM; 30/90, SD/30"]
[Site "San Francisco"]
[Date "2015.02.03"]
[Round "5.47"]
[White "Chan, John"]
[Black "Yamamoto, Craig"]
[Result "1-0"]
[WhiteElo "1514"]
[BlackElo "1584"]
[PlyCount "45"]
[EventDate "2015.??.??"]

1. d4 e6 2. e4 c5 3. Nf3 cxd4 4. Nxd4 Nc6 5. c3 a6 6. Qc2 e5 7. Nf3 d6 8. h3
Be7 9. Be3 Be6 10. Nbd2 h6 11. Be2 g6 12. Rd1 f5 13. exf5 gxf5 14. Nc4 b5 15.
Nb6 Rb8 16. Nd5 Bxd5 17. Rxd5 Nf6 18. Rd1 Ne4 19. Nd2 d5 20. Nxe4 fxe4 21. Bh5+
Kf8 22. O-O Qd7 23. Qxe4 1-0

[Event "Mechanics' Winter TNM; 30/90, SD/30"]
[Site "San Francisco"]
[Date "2015.02.10"]
[Round "6.25"]
[White "Chandrasekaran, Siddarth"]
[Black "Lesquillier, Walter"]
[Result "0-1"]
[WhiteElo "1555"]
[BlackElo "1797"]
[PlyCount "38"]
[EventDate "2015.??.??"]

1. d4 d5 2. c4 e5 3. dxe5 d4 4. a3 Nc6 5. Nf3 Bg4 6. Qd3 Nge7 7. Bg5 Qd7 8.
Nbd2 Ng6 9. g3 Bf5 10. e4 Ngxe5 11. Nxe5 Nxe5 12. Qb3 Qc6 13. c5 a6 14. Bg2 Be6
15. Qc2 Qxc5 16. Qxc5 Bxc5 17. O-O Bb6 18. b4 f6 19. f4 Ng4 0-1

[Event "Mechanics' Winter TNM; 30/90, SD/30"]
[Site "San Francisco"]
[Date "2015.01.27"]
[Round "4.24"]
[White "Chandrasekaran, Siddarth"]
[Black "Maser, Thomas"]
[Result "0-1"]
[WhiteElo "1555"]
[BlackElo "1921"]
[Annotator "Donaldson"]
[PlyCount "58"]
[EventDate "2015.??.??"]

1. b4 (1. Nf3 b5 2. e4 Bb7 3. Bxb5 Bxe4) 1... e5 2. Bb2 Bxb4 3. Bxe5 Nf6 4. Nf3
Nc6 (4... O-O 5. e3 d5) 5. Bb2 d5 6. e3 O-O 7. c4 (7. Be2) 7... Be6 8. cxd5
Bxd5 9. Be2 Qe7 10. a3 (10. O-O) 10... Bd6 11. Nc3 Be6 12. Nb5 Rad8 13. O-O Bc5
14. Bxf6 Qxf6 15. Nxc7 Bg4 16. Qc2 (16. d4 a6 17. Qb3 Na5 18. Qb2 Bb6 19. Rac1
Rd7 20. Ne5) 16... Bb6 17. Nb5 Ne5 18. Qd1 $2 (18. Nbd4) 18... Nxf3+ 19. Bxf3
Bxf3 20. gxf3 $4 {Diagram [#]} (20. Qxf3 Qxf3 21. gxf3 Rxd2) 20... Qg5+ 21. Kh1
Qxb5 22. Rg1 Qd3 23. f4 Qd5+ 24. Rg2 Rd6 25. Qe2 Qxd2 26. Qh5 Rg6 27. Rag1 Rc8
28. f5 Rxg2 29. Rxg2 Rc1+ 0-1

[Event "Mechanics' Leighton Allen TNM; G/2"]
[Site "San Francisco"]
[Date "2015.08.10"]
[Round "2.4"]
[White "Chea, Na"]
[Black "Anderson, Michael"]
[Result "0-1"]
[WhiteElo "1598"]
[BlackElo "1943"]
[PlyCount "66"]
[EventDate "2015.??.??"]

1. d4 f5 2. c4 Nf6 3. Nc3 g6 4. Nf3 Bg7 5. Bg5 O-O 6. Qd2 Ne4 7. Qc2 Nxg5 8.
Nxg5 e5 9. h4 exd4 10. Nd5 c6 11. Nf4 Na6 12. O-O-O Nb4 13. Qb3 c5 14. Kb1 a5
15. a3 Nc6 16. Nd5 h6 17. Nf3 a4 18. Qd3 d6 19. g3 Ne5 20. Nxe5 dxe5 21. g4 Be6
22. Bh3 e4 23. Qg3 Bxd5 24. cxd5 f4 25. Qg2 Qxd5 26. g5 h5 27. e3 f3 28. Qf1 d3
29. Qe1 b5 30. Qd2 b4 31. axb4 Rfb8 32. Qc1 Rxb4 33. Be6+ Qxe6 0-1